|
|
|
|
| LEADER |
01296cas a2200253 a 4500 |
| 001 |
AALejournalIMF015751 |
| 008 |
230101c9999 xx r poo 0 0eng d |
| 020 |
|
|
|c 15.00 USD
|
| 020 |
|
|
|z 9781557752161
|
| 022 |
|
|
|a 0251-6365
|
| 040 |
|
|
|a BD-DhAAL
|c BD-DhAAL
|
| 100 |
1 |
|
|a Somogyi, Janos.
|
| 245 |
1 |
0 |
|a Economic Reform in Hungary Since 1968 /
|c Janos Somogyi, Anthony Boote.
|
| 264 |
|
1 |
|a Washington, D.C. :
|b International Monetary Fund,
|c 1991.
|
| 300 |
|
|
|a 1 online resource (41 pages)
|
| 490 |
1 |
|
|a Occasional Papers
|
| 500 |
|
|
|a <strong>Off-Campus Access:</strong> No User ID or Password Required
|
| 500 |
|
|
|a <strong>On-Campus Access:</strong> No User ID or Password Required
|
| 506 |
|
|
|a Electronic access restricted to authorized BRAC University faculty, staff and students
|
| 520 |
3 |
|
|a This paper examines Hungary's reforms since 1968. It discusses the government's medium-term adjustment program, unveiled in the fall of 1990, which aims to install the key elements of a market economy in three years.
|
| 538 |
|
|
|a Mode of access: Internet
|
| 700 |
1 |
|
|a Boote, Anthony.
|
| 830 |
|
0 |
|a Occasional Papers; Occasional Paper ;
|v No. 1991/003
|
| 856 |
4 |
0 |
|z Full text available on IMF
|u http://elibrary.imf.org/view/books/084/01970-9781557752161-en/01970-9781557752161-en-book.xml
|z IMF e-Library
|